Datum a čas kvízu
27.5
Celkem bodů
Celkový počet nahraných bodů na tomto kvízu bez doplňovacích otázek.
3.
Pořadí na kvízu
Konečné umístění týmu na tomto kvízu.
Zaznamenané odpovědi
| # | Otázka | Odpověď | Body | Výsledky |
|---|---|---|---|---|
| 1. | Jak se nazývá politické hnutí,... | 0 | ||
| 2. | Donald Trump přivítal v Bílém... | 1 | ||
| 3. | Jistá zpěvačka minulý týden za... | 0 | ||
| 4. | Bývalá chlouba československéh... | 1 | ||
| 5. | Disciplinární komise Ligové fo... | 0 | ||
| 6. | Zvíře jménem Mojžíš v Orwellov... | 0 | ||
| 7. | Kniha Volání divočiny se odehr... | 1 | ||
| 8. | Příběhy medvídka Pú pochází z... | 1 | ||
| 9. | O Knize džunglí jsme se v kvíz... | 1 | ||
| 10. | Lev, čarodějnice a skříň není... | 0 |